Štúdium vplyvu vybraných prísad na reologické vlastnosti cementových kaší

Na minha lista:
Detalhes bibliográficos
Autor principal: Kováčová, Zuzana
Formato: Software Livro
Idioma:eslovaco
Publicado em: Bratislava STU FCHPT 2012
Acesso em linha:View in OPAC
Tags: Adicionar Tag
Sem tags, seja o primeiro a adicionar uma tag!

MARC

LEADER 00000nam a2200000 a 4500
005 20260127134025.0
007 co ugu
008 121003 2012 xo 000 0 slo d
035 |a vtls010455616 
039 9 |y 201210031026  |z mschk03 
040 |a STUSCHK1  |b slo  |c STUSCHK1  |e AACR2 
100 1 |a Kováčová, Zuzana 
245 1 |a Štúdium vplyvu vybraných prísad na reologické vlastnosti cementových kaší  |c Zuzana Kováčová 
260 |a Bratislava  |b STU FCHPT  |c 2012 
300 |a 1 elektronický disk 
500 |a Obháj.: 21.8. 2012 
500 |a Študijný program: chemické technológie 
500 |a Študijný odbor: 5.2.18 chemické technológie 
500 |a Bakalárska práca na CD-ROMe 
500 |a FCHPT, Oddelenie keramiky, skla a cementu 
500 |a Evidenčné číslo: 5437-68619 
910 |a SCHK95 
999 |c 2310  |d 2310